[Event "FIDE Grand Swiss Women"]
[Site "Riga LAT"]
[Date "2021.11.06"]
[Round "10.10"]
[White "Stefanova, Antoaneta"]
[Black "Vaishali, R"]
[Result "1/2-1/2"]
[WhiteTitle "GM"]
[BlackTitle "WGM"]
[WhiteElo "2475"]
[BlackElo "2419"]
[WhiteFideId "2902257"]
[BlackFideId "5091756"]
[EventDate "2021.10.27"]

1. Nf3 Nf6 2. c4 c5 3. g3 Nc6 4. Bg2 d6 5. O-O g6 6. d4 cxd4 7. Nxd4 Bd7 8. Nb3
h5 9. c5 h4 10. cxd6 hxg3 11. hxg3 Bh3 12. Bxh3 Rxh3 13. Kg2 Rh5 14. Nc3 e6 15.
Rh1 Qxd6 16. Qxd6 Bxd6 17. Rxh5 Nxh5 18. Nb5 Be5 19. f4 Bb8 20. Be3 a6 21. Nc3
Bc7 22. Rd1 Rd8 23. Rh1 e5 24. f5 b6 25. Bg5 Ne7 26. e3 f6 27. fxg6 fxg5 28.
Rxh5 Nxg6 29. Ne4 Ne7 30. Nxg5 Rd6 31. Rh8+ Kd7 32. Rh7 Rc6 33. Rf7 a5 34. Rf2
a4 35. Nd2 Nd5 36. Nf1 Rc1 37. Rd2 Kc6 38. e4 Nb4 39. a3 Nc2 40. Ne6 b5 41. Nxc7
Kxc7 42. g4 Nd4 43. Ng3 Ne6 44. Ne2 Rc4 45. Nc3 Kc6 46. Kg3 Ng5 47. Rd8 Rd4 48.
Rc8+ Kd7 49. Rb8 Kc6 50. Rc8+ Kd7 51. Rc5 b4 52. axb4 Nxe4+ 53. Nxe4 Rxe4 54. b5
Rb4 55. Rxe5 Rxb2 56. Kh4 a3 57. Re3 a2 58. Ra3 Ke7 59. g5 Kf7 60. Ra7+ Kg8 61.
Kh5 Rxb5 62. Kh6 Rb6+ 63. g6 Rb8 64. Rxa2 Rc8 65. Ra7 Rb8 66. Rg7+ Kh8 67. Re7
Kg8 68. Kg5 Rb5+ 69. Kf6 Rb6+ 70. Re6 Rxe6+ 71. Kxe6 Kg7 72. Kf5 Kg8 73. Kg4 Kg7
74. Kg5 Kg8 1/2-1/2

[Event "FIDE Grand Swiss Women"]
[Site "Riga LAT"]
[Date "2021.11.06"]
[Round "10.13"]
[White "Buksa, Nataliya"]
[Black "Vantika, Agrawal"]
[Result "0-1"]
[WhiteTitle "IM"]
[BlackTitle "WIM"]
[WhiteElo "2409"]
[BlackElo "2322"]
[WhiteFideId "14123622"]
[BlackFideId "25050389"]
[EventDate "2021.10.27"]

1. e4 c5 2. Nf3 d6 3. d4 cxd4 4. Nxd4 Nf6 5. Nc3 a6 6. h3 e5 7. Nde2 h5 8. g3
Be7 9. Bg2 b5 10. Nd5 Nxd5 11. Qxd5 Ra7 12. Be3 Rb7 13. g4 h4 14. Qd2 Nd7 15.
O-O O-O 16. Rad1 Rc7 17. f4 exf4 18. Nxf4 Bb7 19. c3 Rc8 20. Nh5 g6 21. Nf4 Ne5
22. b3 Qc7 23. Ne2 Rfe8 24. Rf2 Bc6 25. Rdf1 Qb7 26. Bd4 Bf8 27. Qf4 Bg7 28. Nc1
Re7 29. b4 d5 30. exd5 Bxd5 31. Bxd5 Qxd5 32. g5 Nd7 33. Bxg7 Kxg7 34. Ne2 Rc4
35. Nd4 Rxc3 36. Qxh4 Kg8 37. Ne2 Rc4 38. Nf4 Qd4 39. Qh6 Rc3 40. Kh2 Ree3 41.
Ng2 Qd6+ 42. Rf4 Re2 43. Kh1 Rcc2 44. Rg4 Rxg2 45. Rxg2 Qd5 46. Rg1 Ne5 47. a3
Qe4 48. Qh4 Qxh4 49. Rxc2 Qxh3+ 50. Rh2 Qf3+ 51. Rgg2 Ng4 52. Rh4 Ne3 0-1

[Event "FIDE Grand Swiss Women"]
[Site "Riga LAT"]
[Date "2021.11.07"]
[Round "11.4"]
[White "Badelka, Olga"]
[Black "Cori T., Deysi"]
[Result "1-0"]
[WhiteTitle "IM"]
[BlackTitle "WGM"]
[WhiteElo "2438"]
[BlackElo "2382"]
[WhiteFideId "13509926"]
[BlackFideId "3801934"]
[EventDate "2021.10.27"]

1. e4 d6 2. d4 Nf6 3. Nc3 g6 4. Nf3 Bg7 5. Be3 c6 6. Qd2 b5 7. Bd3 Ng4 8. Bf4 e5
9. dxe5 dxe5 10. Bg3 f6 11. a4 b4 12. Nd1 a5 13. Bc4 Ba6 14. Qxd8+ Kxd8 15. Bxa6
Nxa6 16. Nd2 h5 17. h4 Bh6 18. Nc4 Bf4 19. Rh3 Nc5 20. f3 Ne6 21. Bxf4 Nxf4 22.
fxg4 Nxh3 23. gxh3 hxg4 24. hxg4 Rxh4 25. Nf2 Kc7 26. Ke2 Rd8 27. Nxa5 Rh2 28.
Nb3 Kb6 29. Rf1 f5 30. gxf5 gxf5 31. exf5 Rf8 32. Nd2 Rxf5 33. b3 Kc5 34. Ne4+
Kb6 35. Rg1 Rh7 36. Rg8 Ka7 37. Rg5 Rxg5 38. Nxg5 Rg7 39. Nf3 Kb6 40. Nxe5 Kc5
41. Nf3 Kd5 42. Nd3 Ke4 43. Nfe1 Kd4 44. Kd2 c5 45. Nb2 Rg8 46. Nc4 Rf8 47. Nd3
Rh8 48. Kc1 Kc3 49. Ne3 Rh1+ 50. Nd1+ Kd4 51. Nb2 Rg1 52. Nc4 Rh1 53. a5 Rg1 54.
Kb2 Kd5 55. Nf2 Kc6 56. Ne4 Kb5 57. a6 Rg8 58. Ncd6+ Kb6 59. Nb7 c4 60. bxc4
Kxa6 61. Nbc5+ Ka5 62. Nd3 Rg2 63. Kb3 Rg1 64. c5 Ra1 65. Kc4 Ra4 66. Nd6 Ra2
67. Nxb4 Rb2 68. c3 Rd2 69. Nb7+ Ka4 70. c6 Rh2 71. c7 Rh4+ 72. Kc5 Rh5+ 73. Nd5
Rh8 74. Nd8 1-0

[Event "FIDE Grand Swiss Women"]
[Site "Riga LAT"]
[Date "2021.11.07"]
[Round "11.9"]
[White "Dzagnidze, Nana"]
[Black "Stefanova, Antoaneta"]
[Result "1/2-1/2"]
[WhiteTitle "GM"]
[BlackTitle "GM"]
[WhiteElo "2524"]
[BlackElo "2475"]
[WhiteFideId "13601903"]
[BlackFideId "2902257"]
[EventDate "2021.10.27"]

1. d4 d5 2. c4 c6 3. Nc3 Nf6 4. e3 e6 5. b3 Bb4 6. Bb2 Ne4 7. Qc2 f5 8. Bd3 Nd7
9. Ne2 Qh4 10. Nf4 Qe7 11. O-O Bd6 12. f3 Nxc3 13. Bxc3 O-O 14. Rad1 Nf6 15. Kh1
b6 16. Be1 Bb7 17. Bg3 Rae8 18. Ne2 Bxg3 19. Nxg3 c5 20. Ne2 Kh8 21. Nc3 Rc8 22.
Qb2 Rfd8 23. Rfe1 Qf7 24. dxc5 Rxc5 25. cxd5 Nxd5 26. Bc4 Qe7 27. Bxd5 Bxd5 28.
Ne2 Rdc8 29. Rd2 Bc6 30. Red1 Be8 31. Kg1 h6 32. Qd4 e5 33. Qb4 Qg5 34. Kf2 Bb5
35. Ng3 a5 36. Qa3 Rc3 37. Nf1 Bxf1 38. Kxf1 Qxe3 39. Qd6 Rc1 40. Rxc1 Rxc1+ 41.
Rd1 Kh7 42. Qd7 Qf4 43. Rxc1 Qxc1+ 44. Kf2 Qc5+ 45. Kg3 e4 46. Qe6 exf3 47. gxf3
Qg1+ 48. Kh3 Qg6 49. Qe5 Qf7 50. Kg3 Qd7 51. h4 Kg6 52. Qb8 Qe6 53. Qc7 Qf6 54.
Qc4 Kh5 55. Qf4 g5 56. Qc4 f4+ 57. Kg2 Kxh4 58. Qc1 g4 59. fxg4 Kxg4 60. Qc8+
Qf5 61. Qg8+ Kh4 62. Kf3 Qg5 63. Qf8 Qg3+ 64. Ke2 f3+ 65. Ke3 h5 66. Qf7 Qe1+
67. Kf4 Qg3+ 68. Ke3 Qe1+ 69. Kf4 f2 70. Qf6+ Kh3 71. Qf5+ Kg2 72. Qd5+ Kg1 73.
Qg5+ Kf1 74. Qxh5 Qd2+ 75. Kg3 Qe3+ 76. Kh2 Ke1 77. Qh4 Qf3 78. b4 Ke2 79. Qc4+
Qd3 80. Qg4+ Ke1 81. Qh4 Qd6+ 82. Kg2 Qd5+ 83. Kh2 a4 84. b5 Qxb5 85. Qe4+ Qe2
86. Qb1+ Qd1 87. Qb4+ Qd2 88. Qe4+ Kd1 89. Qxa4+ Qc2 90. Qd4+ Ke2 91. Qe5+ Kf3
92. Qg3+ Ke2 93. Qe5+ Kd3 94. Kg2 Qxa2 95. Qb5+ Kd2 96. Qxb6 Qd5+ 97. Kxf2 Qf5+
98. Kg2 1/2-1/2